| 000 | 00586 a2200169 4500 | ||
|---|---|---|---|
| 999 |
_c1033 _d1033 |
||
| 020 | _a9788174469458 | ||
| 050 | _aG155.RAO 2011 | ||
| 100 |
_aVenkata Rao, Y _eeditor |
||
| 245 |
_aTourism entrepreneurship / _cedited by Y Venkata Rao; G Anjaneya Swamy |
||
| 264 |
_aNew Delhi , Pondicherry University :. _b Excel Books, _c 2011 |
||
| 300 | _axxii, 441 pages : illustrations (black and white) ; 25 cm | ||
| 500 | _aIncludes index | ||
| 650 | _aTourism -- India -- Congresses. | ||
| 650 |
_a Entrepreneurship - _x- India |
||
| 650 | _a Entrepreneurship. | ||
| 942 |
_2lcc _cBK _h155 _iRAO _kG |
||